01134nam a2200289Ia 4500001001200000003000800012006001900020007001500039008004100054020001800095020001800113040002100131035002100152050002600173100002900199245007100228246003500299260005800334300003100392504005100423533015200474650002300626650002300649655002900672710001700701856012600718ebr10372263CaPaEBRm u cr cn|||||||||100426s2009 enkac sb 001 0 eng d z9781847354495 z9781847354518 aCaPaEBRcCaPaEBR a(OCoLC)61405693914aTA455.P58bB76 2009eb1 aBrown, Rogerq(Roger P.)10a50 years of polymer testingh[electronic resource] /cRoger Brown.13aFifty years of polymer testing aShawbury, Shrewsbury, Shropshire :biSmithers,c2009. avi, 184 p. :bill., ports. aIncludes bibliographical references and index. aElectronic reproduction.bPalo Alto, Calif. :cebrary,d2010.nAvailable via World Wide Web.nAccess may be limited to ebrary affiliated libraries. 0aPolymersxTesting. 0aPlasticsxTesting. 7aElectronic books.2local2 aebrary, Inc.40uhttp://site.ebrary.com/lib/rucke/Doc?id=10372263zAn electronic book accessible through the World Wide Web; click to view